000 00767nam a2200193 4500
001 125896
003 ES-MaACL
005 20250809060209.0
007 t|
008 070214s1952 sp r ||||1| spa d
245 0 0 _aReglamento de Organización, funcionamiento y régimen jurídico de las Corporaciones locales
_b: (17 de mayo de 1952) /
_cpor Luis Marqués Carbó... [et al.?] ; ideas [sobre los fines de la Administración] de Luis Jordana de Pozas.
260 _aTarragona :
_bSugrañes,
_c1952.
300 _a408 p. ;
_c22 cm.
700 1 _aMarqués Carbó, Luis.
_976985
700 1 _aJordana de Pozas, Luis,
_d1890-1983
_966931
710 1 _aEspaña.
_bMinisterio de Gobernación.
_93872
852 _aES-MaACL
_jC-5841
_bR.33412
999 _c125896
_d125896